书目信息 |
| 题名: |
中医防病与保健
|
|
| 作者: | 田代华 , 董少萍 编著 | |
| 分册: | ||
| 出版信息: | 北京 人民卫生出版社 2000.04 |
|
| 页数: | 358页 | |
| 开本: | 32开 | |
| 丛书名: | ||
| 单 册: | ||
| 中图分类: | R212 | |
| 科图分类: | ||
| 主题词: | 中医学:预防医学 , 中医学:卫生学 | |
| 电子资源: | ||
| ISBN: | 7-117-03677-X | |
| 000 | 00640nam0 2200217 45 | |
| 001 | 0011021966 | |
| 005 | 20001102192525.8 | |
| 010 | @a7-117-03677-X@d17.00元 | |
| 100 | @a20001102d2000 km y0chiy0120 ea | |
| 101 | 0 | @achi |
| 105 | @a z 000yy | |
| 200 | 1 | @a中医防病与保健@AZhong Yi Fang Bing Yu Bao Jian@f田代华,董少萍编著@FTian Dai Hua,Dong Shao Ping Bian Zhu |
| 210 | @a北京@c人民卫生出版社@d2000.04 | |
| 215 | @a358页@d32开 | |
| 606 | 0 | @a中医学:预防医学 |
| 606 | 0 | @a中医学:卫生学 |
| 690 | @aR212@v3 | |
| 701 | 0 | @a田代华@4编著 |
| 701 | 0 | @a董少萍@4编著 |
| 801 | @aCN@bPftUser@c20001102 | |
| 905 | @b197114-116@dR212@eT316@f3 | |
| 中医防病与保健/田代华,董少萍编著.-北京:人民卫生出版社,2000.04 |
| 358页;32开 |
| ISBN 7-117-03677-X:17.00元 |
| ● |
| 相关链接 |
|
|
|
正题名:中医防病与保健
索取号:R212/T316
 
预约/预借
| 序号 | 登录号 | 条形码 | 馆藏地/架位号 | 状态 | 备注 |
| 1 | 197114 | 201971143 | 自科库401/401自科库 9排1列5层/ [索取号:R212/T316] | 在馆 | |
| 2 | 197115 | 201971152 | 自科库401/401自科库 9排1列5层/ [索取号:R212/T316] | 在馆 | |
| 3 | 197116 | 201971161 | 自科库401/401自科库 9排1列5层/ [索取号:R212/T316] | 在馆 |